Statistics for Famous People from South Dakota

Click here to take the quiz!

General Stats

  • This quiz has been taken 235 times
    (58 since last reset)
  • The average score is 4 of 8

Answer Stats

ClueHometownAnswer% Correct
Former host of "The Price is Right"Rosebud Indian
Reservation
Bob Barker
74%
Host of "NBC Nightly News", 1982 to 2004YanktonTom Brokaw
60%
Tribal chief of the Lakota during that same time period-Sitting Bull
57%
"Little Town on the Prairie" authorDeSmetLaura Ingalls Wilder
57%
Lakota war leader who won the Battle of the Little Bighorn-Crazy Horse
51%
Vice President under Lyndon JohnsonDolandHubert H. Humphrey
36%
Democratic nominee for President in 1972MitchellGeorge S. McGovern
36%
NCAA wrestling champ who went on to become a WWE superstarWebsterBrock Lesnar
34%

Score Distribution

Percentile by Number Answered

Percent of People with Each Score

Your Score History

You have not taken this quiz since the last reset